[Event "RUS-chT Blitz"]
[Site "Sochi"]
[Date "2021.10.14"]
[Round "9.5"]
[White "Ekdyshman, Mikhail"]
[Black "Okun, Evgeny"]
[Result "0-1"]
[WhiteElo "2315"]
[BlackElo "2153"]
[PlyCount "64"]
[EventDate "2021.10.14"]
[EventType "team-swiss (blitz)"]
[EventRounds "13"]
[EventCountry "RUS"]
[SourceTitle "CBM 204 Extra"]
[Source "ChessBase"]
[SourceDate "2021.11.30"]
[SourceVersion "1"]
[SourceVersionDate "2021.11.30"]
[SourceQuality "1"]
[WhiteTeam "Vologodsk Region"]
[BlackTeam "Voronezh Inleksis"]
[WhiteTeamCountry "RUS"]
[BlackTeamCountry "RUS"]

1. c4 e5 2. Nc3 Nc6 3. g3 Bc5 4. Bg2 d6 5. Nf3 Nf6 6. 0-0 0-0 7. d3 h6 8. Ne1 Be6 9. Nc2 d5 10. cxd5 Nxd5 11. Ne3 Nce7 12. Nexd5 Nxd5 13. Bd2 Bb6 14. Na4 Qd7 15. Rc1 c6 16. Nc5 Bxc5 17. Rxc5 b6 18. Rc1 f5 19. Qa4 Rac8 20. Rc2 Rfd8 21. b4 Nf6 22. Rfc1 b5 23. Qa6 e4 24. dxe4 fxe4 25. Be3 Bc4 26. Qxa7 Rc7 27. Qc5 Qe6 28. Bf4 Rcd7 29. h3 Rd1+ 30. Kh2 Nd5 31. Be3 Nxe3 32. Qxe3 Bxa2 0-1

[Event "RUS-chT blitz"]
[Site "Sochi"]
[Date "2018.10.10"]
[Round "12.8"]
[White "Moiseenko, Vadim"]
[Black "Okun, Evgeny"]
[Result "1-0"]
[WhiteElo "2492"]
[BlackElo "2163"]
[PlyCount "51"]
[EventDate "2018.10.10"]
[EventType "team-swiss (blitz)"]
[EventRounds "15"]
[EventCountry "RUS"]
[SourceTitle "CBM 186 Extra"]
[Source "ChessBase"]
[SourceDate "2018.08.24"]
[SourceVersion "1"]
[SourceVersionDate "2018.08.24"]
[SourceQuality "1"]
[WhiteTeam "Vologodsk Region"]
[BlackTeam "Moscow Liga Tsifrovoy Ekonomiki"]
[WhiteTeamCountry "RUS"]
[BlackTeamCountry "RUS"]

1. Nf3 c5 2. b3 d6 3. d4 cxd4 4. Nxd4 Nf6 5. c4 g6 6. e3 Bg7 7. Be2 Nc6 8. Bb2 0-0 9. 0-0 Bd7 10. Nd2 e5 11. Nb5 d5 12. cxd5 Nxd5 13. Ne4 Be6 14. Nc5 Bc8 15. Bf3 Nde7 16. Qxd8 Rxd8 17. Rfd1 Rf8 18. Rac1 b6 19. Na4 Bb7 20. Nd6 Ba6 21. Bxc6 Nxc6 22. Rxc6 h5 23. h3 Rfd8 24. Rdc1 Bf8 25. Bxe5 Bxd6 26. Rxd6 1-0

[Event "RUS-chT blitz"]
[Site "Sochi"]
[Date "2018.10.10"]
[Round "10.6"]
[White "Timofeev, Artyom"]
[Black "Okun, Evgeny"]
[Result "1-0"]
[WhiteElo "2580"]
[BlackElo "2163"]
[PlyCount "67"]
[EventDate "2018.10.10"]
[EventType "team-swiss (blitz)"]
[EventRounds "15"]
[EventCountry "RUS"]
[SourceTitle "CBM 186 Extra"]
[Source "ChessBase"]
[SourceDate "2018.08.24"]
[SourceVersion "1"]
[SourceVersionDate "2018.08.24"]
[SourceQuality "1"]
[WhiteTeam "Kazan Ladya"]
[BlackTeam "Moscow Liga Tsifrovoy Ekonomiki"]
[WhiteTeamCountry "RUS"]
[BlackTeamCountry "RUS"]

1. c4 e5 2. Nc3 Nc6 3. Nf3 Bb4 4. d3 Nf6 5. Bd2 Bc5 6. e3 a6 7. Nd5 Ba7 8. Bc3 d6 9. Nxf6+ Qxf6 10. Be2 Qe7 11. d4 e4 12. Nd2 f5 13. g3 Bd7 14. Qb3 0-0-0 15. h4 g6 16. 0-0-0 Rhg8 17. Kb1 Bb6 18. a3 Na5 19. Qc2 Qe8 20. d5 c5 21. Bf6 Bc7 22. b4 Ba4 23. Qb2 Bxd1 24. Rxd1 cxb4 25. axb4 Kb8 26. Bxd8 Qxd8 27. bxa5 Bxa5 28. Nb3 Bc7 29. Nd4 Qe8 30. Ne6 Qa4 31. Rc1 Ba5 32. Bd1 Qd7 33. c5 dxc5 34. Nxc5 1-0

[Event "Pardubice Czech op-B 28th"]
[Site "Pardubice"]
[Date "2017.07.28"]
[Round "8"]
[White "Kolasa, Pjotrs"]
[Black "Okun, Evgeny"]
[Result "0-1"]
[WhiteElo "1950"]
[BlackElo "2144"]
[PlyCount "50"]
[EventDate "2017.07.21"]
[EventType "swiss"]
[EventRounds "9"]
[EventCountry "CZE"]
[SourceTitle "CBM 179 Extra"]
[Source "ChessBase"]
[SourceDate "2017.08.23"]
[SourceVersion "1"]
[SourceVersionDate "2017.08.23"]
[SourceQuality "1"]

1. Nf3 d5 2. d4 Nf6 3. c4 c6 4. Nc3 dxc4 5. a4 Bf5 6. Ne5 Na6 7. Nxc4 Nb4 8. Ne3 Bg6 9. b3 Ng4 10. f3 Nxe3 11. Bxe3 Nc2+ 12. Kf2 e5 13. dxe5 Qa5 14. Bd2 Nxa1 15. Qxa1 Qxe5 16. e3 Rd8 17. Be1 Bc5 18. Qc1 0-0 19. Bc4 Rfe8 20. Ne4 Bxe4 21. fxe4 Qf4+ 22. Ke2 Qg4+ 23. Kf1 Rxe4 24. Be2 Qf5+ 25. Bf3 Rxe3 0-1

[Event "Moscow op-A"]
[Site "Moscow"]
[Date "2016.01.31"]
[Round "2"]
[White "Kharchenko, Boris"]
[Black "Okun, Evgeny"]
[Result "1-0"]
[WhiteElo "2506"]
[BlackElo "2227"]
[PlyCount "63"]
[EventDate "2016.01.30"]
[EventType "swiss"]
[EventRounds "9"]
[EventCountry "RUS"]
[SourceTitle "CBM 170 Extra"]
[Source "ChessBase"]
[SourceDate "2016.02.25"]
[SourceVersion "1"]
[SourceVersionDate "2016.02.25"]
[SourceQuality "1"]

1. e4 c5 2. c3 g6 3. Bc4 Bg7 4. Nf3 e6 5. 0-0 Ne7 6. e5 0-0 7. d4 d5 8. Bd3 Nbc6 9. Na3 Bd7 10. Nc2 c4 11. Be2 b5 12. Bf4 Nf5 13. Qd2 a5 14. Bg5 f6 15. exf6 Bxf6 16. Rae1 Nd6 17. Bh6 Bg7 18. Bxg7 Kxg7 19. Bd1 Ne4 20. Qc1 b4 21. Ne3 Nf6 22. Ba4 bxc3 23. bxc3 Nb4 24. Qa3 Nd3 25. Rb1 Bxa4 26. Qxa4 Ne4 27. Rb7+ Kh8 28. Ng4 Nxc3 29. Qc2 Ne4 30. Nge5 Nb4 31. Qc1 Rb8 32. Nxg6+ 1-0

[Event "Moscow op-A"]
[Site "Moscow"]
[Date "2016.01.30"]
[Round "1"]
[White "Vavulin, Maksim"]
[Black "Okun, Evgeny"]
[Result "1-0"]
[WhiteElo "2448"]
[BlackElo "2227"]
[PlyCount "55"]
[EventDate "2016.01.30"]
[EventType "swiss"]
[EventRounds "9"]
[EventCountry "RUS"]
[SourceTitle "CBM 170 Extra"]
[Source "ChessBase"]
[SourceDate "2016.02.25"]
[SourceVersion "1"]
[SourceVersionDate "2016.02.25"]
[SourceQuality "1"]

1. e4 c6 2. d3 d5 3. Nd2 g6 4. Ngf3 Bg7 5. exd5 cxd5 6. d4 Nf6 7. h3 0-0 8. Be2 Nc6 9. 0-0 b6 10. Re1 Bb7 11. Nf1 Ne4 12. Bf4 e6 13. c3 g5 14. Bh2 f5 15. Bb5 Ne7 16. Ne5 f4 17. Qg4 Rf5 18. Rad1 Bxe5 19. dxe5 Qc7 20. Rxe4 dxe4 21. Rd7 Qc5 22. Rxb7 Qxb5 23. Rxe7 e3 24. fxe3 fxe3 25. Nxe3 Raf8 26. Bf4 Qc5 27. Bxg5 Kh8 28. Bf6+ 1-0

[Event "Voronezh op-A 19th"]
[Site "Voronezh"]
[Date "2015.06.13"]
[Round "2"]
[White "Mesropov, Konstantin Eduard"]
[Black "Okun, Evgeny"]
[Result "1-0"]
[WhiteElo "2417"]
[BlackElo "2191"]
[PlyCount "69"]
[EventDate "2015.06.12"]
[EventType "swiss"]
[EventRounds "9"]
[EventCountry "RUS"]
[SourceTitle "CBM 167 Extra"]
[Source "ChessBase"]
[SourceDate "2015.09.14"]
[SourceVersion "1"]
[SourceVersionDate "2015.09.14"]
[SourceQuality "1"]

1. d4 d5 2. Nf3 Nf6 3. c4 c6 4. e3 g6 5. Be2 Bg7 6. 0-0 0-0 7. b3 Bg4 8. Bb2 Nbd7 9. h3 Bxf3 10. Bxf3 e6 11. Nd2 Re8 12. Rc1 e5 13. cxd5 cxd5 14. Be2 a6 15. dxe5 Nxe5 16. Nf3 Nc6 17. Nd4 Rc8 18. Nxc6 Rxc6 19. Rxc6 bxc6 20. Qc2 Qb6 21. Bd4 Qb7 22. Rc1 Re6 23. Qb2 a5 24. Bf1 Ne8 25. Bxg7 Nxg7 26. Rc5 a4 27. b4 Nf5 28. a3 Re8 29. Qf6 Re6 30. Qc3 f6 31. Ra5 Qb6 32. Ra6 Qc7 33. Qc5 Qe7 34. Ra8+ Kg7 35. Ra7 1-0

[Event "Chigorin Memorial 22nd"]
[Site "St Petersburg"]
[Date "2014.10.26"]
[Round "9"]
[White "Yeletsky, Ivan"]
[Black "Okun, Evgeny"]
[Result "1-0"]
[WhiteElo "2284"]
[BlackElo "2108"]
[PlyCount "111"]
[EventDate "2014.10.18"]
[EventType "swiss"]
[EventRounds "9"]
[EventCountry "RUS"]
[SourceTitle "EXT 2015"]
[Source "ChessBase"]
[SourceDate "2014.11.20"]
[SourceVersion "1"]
[SourceVersionDate "2014.11.20"]
[SourceQuality "1"]

1. e4 c5 2. Nf3 g6 3. d4 cxd4 4. Qxd4 Nf6 5. e5 Nc6 6. Qa4 Nd5 7. Qe4 Nc7 8. Nc3 Bg7 9. Bc4 Ne6 10. 0-0 0-0 11. Qh4 Nxe5 12. Nxe5 Bxe5 13. Nd5 Bf6 14. Nxf6+ exf6 15. Bh6 Ng7 16. Rad1 d6 17. Qf4 Be6 18. Bxg7 Kxg7 19. Bxe6 fxe6 20. Rxd6 Qc7 21. Qb4 Rae8 22. Rfd1 Qxc2 23. Rd7+ Rf7 24. Rxf7+ Kxf7 25. Rd7+ Kg8 26. h4 g5 27. g3 Qc1+ 28. Kh2 Qf1 29. Qd4 Qb5 30. hxg5 Qxg5 31. Qxa7 Qh5+ 32. Kg2 b5 33. Qd4 e5 34. Qd5+ Kh8 35. Qxb5 Qg6 36. Qd3 e4 37. Qe3 Qg4 38. Rb7 Qg6 39. a4 Re5 40. b4 Qg4 41. Qf4 Qg6 42. Rb6 e3 43. Rxf6 Qe4+ 44. Qxe4 Rxe4 45. fxe3 Rxb4 46. Rf4 Rb2+ 47. Kf3 Ra2 48. Rf8+ Kg7 49. Ra8 Ra3 50. a5 Ra4 51. e4 Ra1 52. a6 Rf1+ 53. Ke2 Rf7 54. Ke3 Rd7 55. a7 Re7 56. Rg8+ 1-0

[Event "Chigorin Memorial 22nd"]
[Site "St Petersburg"]
[Date "2014.10.22"]
[Round "5"]
[White "Ofitserian, Boris"]
[Black "Okun, Evgeny"]
[Result "1-0"]
[WhiteElo "2282"]
[BlackElo "2108"]
[PlyCount "99"]
[EventDate "2014.10.18"]
[EventType "swiss"]
[EventRounds "9"]
[EventCountry "RUS"]
[SourceTitle "EXT 2015"]
[Source "ChessBase"]
[SourceDate "2014.11.20"]
[SourceVersion "1"]
[SourceVersionDate "2014.11.20"]
[SourceQuality "1"]

1. Nf3 c5 2. g3 g6 3. Bg2 Bg7 4. d4 cxd4 5. Nxd4 Nc6 6. Nb3 Nf6 7. c4 Na5 8. Na3 0-0 9. 0-0 d6 10. Bd2 Nc6 11. Bc3 Bf5 12. Nd4 Be4 13. f3 Nxd4 14. Bxd4 Bc6 15. e4 a5 16. Nc2 b5 17. cxb5 Bxb5 18. Re1 e5 19. Bf2 Ba4 20. b3 Bc6 21. Ne3 d5 22. Rc1 Bb7 23. exd5 Nxd5 24. Nc4 Nb4 25. Qe2 Nc6 26. Bc5 Nd4 27. Qf2 Qf6 28. Nxe5 Ne6 29. Bxf8 Bxf8 30. Nd7 Qf5 31. Nxf8 Rxf8 32. f4 Bxg2 33. Qxg2 Rd8 34. Red1 Re8 35. Rd5 Qf6 36. Qd2 h5 37. Qc3 Qe7 38. Re1 Qa7+ 39. Qe3 Qb7 40. Re5 Rf8 41. f5 gxf5 42. Rxf5 Rc8 43. Rf2 Qd5 44. Qf3 Qd7 45. Qxh5 Rc5 46. Qg4+ Rg5 47. Qe4 Rg6 48. Ref1 Ng5 49. Rxf7 Nh3+ 50. Kh1 1-0

[Event "Chigorin Memorial 22nd"]
[Site "St Petersburg"]
[Date "2014.10.19"]
[Round "2"]
[White "Okun, Evgeny"]
[Black "Aksenova, Maria"]
[Result "1-0"]
[WhiteElo "2108"]
[BlackElo "1777"]
[PlyCount "165"]
[EventDate "2014.10.18"]
[EventType "swiss"]
[EventRounds "9"]
[EventCountry "RUS"]
[SourceTitle "EXT 2015"]
[Source "ChessBase"]
[SourceDate "2014.11.20"]
[SourceVersion "1"]
[SourceVersionDate "2014.11.20"]
[SourceQuality "1"]

1. g3 d5 2. Bg2 Nf6 3. d3 e5 4. c4 Nc6 5. cxd5 Nxd5 6. Nc3 Nb6 7. Nf3 Be7 8. a3 0-0 9. 0-0 Re8 10. Be3 Bf8 11. Rc1 Bg4 12. Na4 Nd4 13. Bxd4 exd4 14. Nc5 Bxc5 15. Rxc5 c6 16. Qd2 Qd6 17. Rc2 Nd7 18. Qg5 Bxf3 19. Bxf3 a5 20. Qd2 h6 21. b4 Ne5 22. Bg2 axb4 23. axb4 Ra4 24. Rb1 Rea8 25. h3 Ra1 26. Rcb2 R8a2 27. Rxa1 Rxa1+ 28. Kh2 b6 29. Be4 Qe6 30. Rc2 Qb3 31. Rb2 Rd1 32. Qc2 Qxc2 33. Rxc2 Rb1 34. f4 Ng6 35. Rc4 Rb2 36. Bf3 Ne7 37. Rxd4 Nd5 38. Bxd5 cxd5 39. Rxd5 Rxe2+ 40. Kg1 Rb2 41. Rb5 Rb3 42. Rxb6 Rxd3 43. Kf2 Kf8 44. Rb7 Ke8 45. b5 Rb3 46. b6 g6 47. g4 Kd8 48. g5 hxg5 49. fxg5 Kc8 50. Rc7+ Kb8 51. Rxf7 Rxb6 52. Rf6 Rb2+ 53. Kg3 Rb3+ 54. Kg4 Rb4+ 55. Rf4 Rb1 56. Rc4 Rg1+ 57. Kf4 Rf1+ 58. Kg3 Rg1+ 59. Kh4 Kb7 60. Rf4 Rb1 61. Rf6 Rb4+ 62. Kg3 Rb3+ 63. Kf4 Rb4+ 64. Kg3 Rb3+ 65. Rf3 Rb5 66. h4 Rb4 67. Rf6 Rb3+ 68. Kf4 Rb4+ 69. Ke5 Rxh4 70. Rd6 Rg4 71. Kf6 Kc7 72. Rd2 Rg1 73. Kxg6 Kc6 74. Kf6 Rf1+ 75. Kg7 Rg1 76. g6 Kc7 77. Kf7 Rf1+ 78. Kg8 Rg1 79. g7 Kc8 80. Rd5 Kc7 81. Kh7 Rh1+ 82. Kg6 Rg1+ 83. Rg5 1-0

[Event "Moscow-chT"]
[Site "Moscow"]
[Date "2014.10.02"]
[Round "4.1"]
[White "Okun, Evgeny"]
[Black "Krapivin, Alexander"]
[Result "0-1"]
[WhiteElo "2121"]
[BlackElo "2442"]
[PlyCount "144"]
[EventDate "2014.09.27"]
[EventType "team-tourn"]
[EventRounds "11"]
[EventCountry "RUS"]
[SourceTitle "CBM 162 Extra"]
[Source "ChessBase"]
[SourceDate "2014.10.17"]
[SourceVersion "1"]
[SourceVersionDate "2014.10.17"]
[SourceQuality "1"]
[WhiteTeam "Boavista"]
[BlackTeam "Palace"]
[WhiteTeamCountry "RUS"]
[BlackTeamCountry "RUS"]

1. c4 b6 2. Nc3 Bb7 3. e4 e6 4. Nf3 Nf6 5. d3 d6 6. g3 Be7 7. Bg2 0-0 8. 0-0 c5 9. Re1 Nc6 10. b3 Nd7 11. d4 Bf6 12. Be3 Qe7 13. Rc1 Rfd8 14. h3 cxd4 15. Nxd4 Nxd4 16. Bxd4 Bxd4 17. Qxd4 Nc5 18. Qe3 e5 19. Nd5 Bxd5 20. cxd5 a5 21. a3 a4 22. b4 Nb3 23. Rc6 Nd4 24. Rec1 b5 25. Bf1 Rab8 26. Rc7 Rd7 27. R7c3 g6 28. h4 Rbb7 29. Rc8+ Rd8 30. h5 Rb8 31. R8c7 Rd7 32. R7c3 gxh5 33. Qh6 Kh8 34. Qxh5 Rg8 35. Bh3 Rg5 36. Qh6 Ne2+ 37. Kf1 Nxc3 38. Bxd7 Rg6 39. Qe3 Nxd5 40. Qa7 Ne3+ 41. fxe3 Rxg3 42. Qb8+ Kg7 43. Rc8 Kh6 44. Bf5 Qh4 45. Qxd6+ Kh5 46. Ke2 Rg2+ 47. Kd3 Qf2 48. Bg4+ Rxg4 49. Qxe5+ Kh4 50. Rc5 Qf1+ 51. Kc3 Qc1+ 52. Kd3 Qb1+ 53. Rc2 Qd1+ 54. Rd2 Qb1+ 55. Kd4 Qa1+ 56. Kd5 Qxe5+ 57. Kxe5 Kg3 58. Rd7 h5 59. Rxf7 h4 60. Rh7 h3 61. Rxh3+ Kxh3 62. Kd5 Kg3 63. e5 Kf3 64. Kc5 Kxe3 65. Kxb5 Kd4 66. Kxa4 Kc4 67. Ka5 Rg6 68. a4 Re6 69. b5 Kc5 70. b6 Rxb6 71. e6 Kc6 72. e7 Rb8 0-1

[Event "Tambov Korensky Memorial 23rd"]
[Site "Tambov"]
[Date "2014.08.30"]
[Round "8"]
[White "Dukov, Andrey V"]
[Black "Okun, Evgeny"]
[Result "0-1"]
[WhiteElo "2007"]
[BlackElo "2121"]
[PlyCount "52"]
[EventDate "2014.08.23"]
[EventType "swiss"]
[EventRounds "9"]
[EventCountry "RUS"]
[SourceTitle "EXT 2015"]
[Source "ChessBase"]
[SourceDate "2014.11.20"]
[SourceVersion "1"]
[SourceVersionDate "2014.11.20"]
[SourceQuality "1"]

1. e4 c5 2. d4 cxd4 3. c3 dxc3 4. Nxc3 Nc6 5. Nf3 d6 6. Bc4 e6 7. 0-0 Nge7 8. Bg5 a6 9. Qe2 h6 10. Bh4 g5 11. Bg3 Ng6 12. Rfd1 e5 13. Bd5 Qe7 14. Qc4 Bd7 15. b4 Rc8 16. Qb3 g4 17. b5 gxf3 18. bxc6 bxc6 19. Bc4 h5 20. Bxa6 Rd8 21. h3 h4 22. Bh2 Qg5 23. Bf1 Bxh3 24. g3 hxg3 25. fxg3 Qe3+ 26. Kh1 Qf2 0-1

[Event "Tambov Korensky Memorial 23rd"]
[Site "Tambov"]
[Date "2014.08.29"]
[Round "7"]
[White "Okun, Evgeny"]
[Black "Shcherbakov, Nikolay"]
[Result "1-0"]
[WhiteElo "2121"]
[BlackElo "1905"]
[PlyCount "97"]
[EventDate "2014.08.23"]
[EventType "swiss"]
[EventRounds "9"]
[EventCountry "RUS"]
[SourceTitle "EXT 2015"]
[Source "ChessBase"]
[SourceDate "2014.11.20"]
[SourceVersion "1"]
[SourceVersionDate "2014.11.20"]
[SourceQuality "1"]

1. e4 c6 2. d4 d5 3. Nd2 dxe4 4. Nxe4 Nd7 5. Bc4 e6 6. Nf3 Ngf6 7. Ng3 Bd6 8. 0-0 Qc7 9. Qe2 0-0 10. Re1 c5 11. c3 b6 12. Bd3 Bb7 13. Ne5 Rad8 14. Bf4 Rfe8 15. Rad1 Nf8 16. Bg5 Be7 17. Bb5 N6d7 18. Bxd7 Nxd7 19. Nxf7 Bxg5 20. Nxg5 Nf6 21. Qe5 Qc6 22. N3e4 h6 23. Nxf6+ gxf6 24. Qe4 hxg5 25. Qg6+ Kh8 26. Qxf6+ Kh7 27. Qf7+ Kh6 28. Qf6+ Kh7 29. Qxg5 Rd7 30. Qh5+ Kg7 31. f3 Rf7 32. Qg5+ Kf8 33. Qh6+ Rg7 34. Qh8+ Kf7 35. Qh5+ Kf8 36. Re4 Qd5 37. Qh8+ Kf7 38. Rf4+ Qf5 39. Qh5+ Rg6 40. Rxf5+ exf5 41. Qxf5+ Rf6 42. Qh7+ Kf8 43. Qxb7 Re7 44. Qb8+ Kg7 45. dxc5 Rfe6 46. cxb6 axb6 47. h4 Kg6 48. Qd8 Kf6 49. Rd6 1-0

[Event "Tambov Korensky Memorial 23rd"]
[Site "Tambov"]
[Date "2014.08.28"]
[Round "6"]
[White "Sychev, Vitaly"]
[Black "Okun, Evgeny"]
[Result "0-1"]
[WhiteElo "2080"]
[BlackElo "2121"]
[PlyCount "84"]
[EventDate "2014.08.23"]
[EventType "swiss"]
[EventRounds "9"]
[EventCountry "RUS"]
[SourceTitle "EXT 2015"]
[Source "ChessBase"]
[SourceDate "2014.11.20"]
[SourceVersion "1"]
[SourceVersionDate "2014.11.20"]
[SourceQuality "1"]

1. d4 f5 2. Nf3 d6 3. c4 Nf6 4. Nc3 g6 5. g3 Bg7 6. Bg2 0-0 7. 0-0 Qe8 8. d5 Na6 9. Nd4 Nc5 10. b3 e5 11. dxe6 c6 12. Bb2 Bxe6 13. Nxe6 Qxe6 14. Qc2 Rad8 15. Rad1 a5 16. e3 Ng4 17. h3 Nf6 18. a3 g5 19. Rfe1 Nfe4 20. Nxe4 fxe4 21. Bxg7 Kxg7 22. Re2 Rf6 23. Qc3 a4 24. b4 Nb3 25. Qc2 Re8 26. Qc3 Kg8 27. Rc2 Ref8 28. Qe1 h5 29. Qc3 Kh7 30. Qb2 Kh6 31. Qc3 R8f7 32. Qb2 h4 33. g4 d5 34. cxd5 cxd5 35. Bf1 Kh7 36. Bb5 Rf3 37. Bf1 d4 38. Bc4 Qd6 39. Bxf7 Rxh3 40. Rxd4 Qh2+ 41. Kf1 Qh1+ 42. Ke2 Qf3+ 0-1

[Event "Tambov Korensky Memorial 23rd"]
[Site "Tambov"]
[Date "2014.08.27"]
[Round "5"]
[White "Okun, Evgeny"]
[Black "Sviridova, Olga Borisovna"]
[Result "0-1"]
[WhiteElo "2121"]
[BlackElo "1947"]
[PlyCount "124"]
[EventDate "2014.08.23"]
[EventType "swiss"]
[EventRounds "9"]
[EventCountry "RUS"]
[SourceTitle "EXT 2015"]
[Source "ChessBase"]
[SourceDate "2014.11.20"]
[SourceVersion "1"]
[SourceVersionDate "2014.11.20"]
[SourceQuality "1"]

1. c4 f5 2. g3 e5 3. Bg2 Nf6 4. Nc3 d6 5. d3 Be7 6. e3 0-0 7. Nge2 c6 8. 0-0 Qe8 9. f4 Na6 10. Rb1 Nc7 11. b4 Ne6 12. fxe5 dxe5 13. b5 Bd7 14. bxc6 bxc6 15. d4 Rc8 16. Rb7 Rc7 17. Rxc7 Nxc7 18. Qa4 a6 19. dxe5 Ng4 20. Rd1 Bc5 21. h3 Bxe3+ 22. Bxe3 Nxe3 23. Rd6 Nxg2 24. Kxg2 Ne6 25. Qxa6 f4 26. gxf4 Nxf4+ 27. Nxf4 Rxf4 28. Qa5 Qe7 29. Ne2 Rf8 30. Ng3 Qf7 31. Qd2 Be6 32. Qe2 Bxc4 33. e6 Qf4 34. Qd2 Qxd2+ 35. Rxd2 Bxe6 36. Ne2 Bd5+ 37. Kh2 Rf2+ 38. Kg1 Rg2+ 39. Kf1 Rh2 40. Kg1 Rh1+ 41. Kf2 Rxh3 42. a4 h5 43. Rd4 g5 44. Ng3 Rh2+ 45. Ke3 Rh3 46. Kf2 h4 47. Ne4 Bxe4 48. Rxe4 Kf7 49. Rc4 Ra3 50. Kg2 Ke7 51. Rc5 Rg3+ 52. Kh2 Kd6 53. Rf5 g4 54. Rh5 c5 55. a5 Kc6 56. Rh6+ Kb5 57. a6 Ra3 58. Rxh4 Rxa6 59. Rxg4 Rf6 60. Rg2 c4 61. Rb2+ Kc5 62. Rc2 Kd4 0-1